00379nam a22001457a 4500003000500000005001700005008004100022020001800063040000600081082001700087100005500104245003600159260002900195300000900224CEME20210628203645.0210318b xxu||||| |||| 00| 0 eng d a1-874041-25-3 c. a954.91 MOH'P aWilletts, Duncan , Muhammad Amin , Farrow, Berndan aPakistan , from mountain to sea aNAIROBIbGAMERAPIXc1994 a298P